[Event "Famalicao op 1st"]
[Site "Famalicao"]
[Date "2013.08.29"]
[Round "8.10"]
[White "Pereira, Simao Serrano De"]
[Black "Balu, Henish"]
[Result "0-1"]
[WhiteElo "1821"]
[BlackElo "1691"]
[PlyCount "31"]
[EventDate "2013.08.26"]
[EventType "swiss"]
[EventRounds "9"]
[EventCountry "POR"]
[SourceTitle "EXT 2015"]
[Source "ChessBase"]
[SourceDate "2014.11.20"]
[SourceVersion "1"]
[SourceVersionDate "2014.11.20"]
[SourceQuality "1"]

1. e4 e6 2. d3 d5 3. Nd2 Nf6 4. Ngf3 Nc6 5. e5 Nd7 6. d4 Ne7 7. Bd3 c5 8. c3 cxd4 9. cxd4 Nc6 10. a3 f6 11. Nh4 Nxd4 12. Qh5+ Ke7 13. Ng6+ hxg6 14. Qxh8 Nxe5 15. Bb1 Qc7 16. Qh4 0-1

[Event "Famalicao op 1st"]
[Site "Famalicao"]
[Date "2013.08.28"]
[Round "5.14"]
[White "Pereira, Simao Serrano De"]
[Black "Freitas, Ruben Manuel"]
[Result "1/2-1/2"]
[WhiteElo "1821"]
[BlackElo "1506"]
[PlyCount "76"]
[EventDate "2013.08.26"]
[EventType "swiss"]
[EventRounds "9"]
[EventCountry "POR"]
[SourceTitle "EXT 2015"]
[Source "ChessBase"]
[SourceDate "2014.11.20"]
[SourceVersion "1"]
[SourceVersionDate "2014.11.20"]
[SourceQuality "1"]

1. e4 c5 2. Nf3 e6 3. d4 cxd4 4. Nxd4 a6 5. Bd3 Qc7 6. 0-0 Nf6 7. Qe2 Nc6 8. Nxc6 dxc6 9. e5 Nd5 10. a3 c5 11. c4 Ne7 12. Nc3 Nc6 13. Re1 Nd4 14. Qh5 g6 15. Qh4 Nb3 16. Rb1 Nxc1 17. Rbxc1 Be7 18. Qg3 Bd7 19. Ne4 Bc6 20. Nd6+ Bxd6 21. exd6 Qd7 22. Qe5 0-0-0 23. Qxc5 Qxd6 24. Qxd6 Rxd6 25. Be4 Bxe4 26. Rxe4 Rhd8 27. Ree1 Rd2 28. Rb1 Rc2 29. Rec1 Rdd2 30. Rxc2 Rxc2 31. b3 Kd7 32. g3 Kc6 33. Kg2 Ra2 34. a4 Rd2 35. b4 Rd4 36. c5 a5 37. bxa5 Rxa4 38. Rb6+ Kc7 1/2-1/2

[Event "Lisbon Check Mate op 1st"]
[Site "Lisbon"]
[Date "2013.08.15"]
[Round "7.10"]
[White "Pereira, Simao Serrano De"]
[Black "Reis, Luis Simoes"]
[Result "1/2-1/2"]
[WhiteElo "1821"]
[BlackElo "2010"]
[PlyCount "61"]
[EventDate "2013.08.10"]
[EventType "swiss"]
[EventRounds "7"]
[EventCountry "POR"]
[SourceTitle "EXT 2015"]
[Source "ChessBase"]
[SourceDate "2014.11.20"]
[SourceVersion "1"]
[SourceVersionDate "2014.11.20"]
[SourceQuality "1"]

1. e4 b6 2. d4 Bb7 3. Nd2 e6 4. Bd3 Nf6 5. c3 c5 6. Ngf3 d5 7. e5 Ne4 8. Qe2 Nxd2 9. Nxd2 Nc6 10. Bb5 a6 11. Bxc6+ Bxc6 12. a3 cxd4 13. cxd4 Bb5 14. Qe3 Rc8 15. a4 Bxa4 16. 0-0 Bb5 17. Re1 h5 18. Nf3 g6 19. Ng5 Be7 20. Qg3 Rxc1 21. Raxc1 Bxg5 22. Rc2 0-0 23. Ra1 Qe7 24. f4 Bh6 25. Ra3 Rd8 26. Rac3 Bf8 27. Rc7 Rd7 28. Rc8 Rd8 29. R8c7 Rd7 30. Rc8 Rd8 31. R8c7 1/2-1/2

[Event "Lisbon Check Mate op 1st"]
[Site "Lisbon"]
[Date "2013.08.10"]
[Round "1.8"]
[White "Pereira, Simao Serrano De"]
[Black "Pereira, Antonio Pedro Caram"]
[Result "0-1"]
[WhiteElo "1821"]
[BlackElo "2113"]
[PlyCount "52"]
[EventDate "2013.08.10"]
[EventType "swiss"]
[EventRounds "7"]
[EventCountry "POR"]
[SourceTitle "EXT 2015"]
[Source "ChessBase"]
[SourceDate "2014.11.20"]
[SourceVersion "1"]
[SourceVersionDate "2014.11.20"]
[SourceQuality "1"]

1. e4 c5 2. Nf3 e6 3. d4 cxd4 4. Nxd4 a6 5. Bd3 Qc7 6. 0-0 Nf6 7. c4 Nc6 8. Nxc6 dxc6 9. Nc3 e5 10. h3 Be6 11. Qe2 Nd7 12. f4 exf4 13. Bxf4 Bd6 14. Bxd6 Qxd6 15. Rad1 Ne5 16. Qe3 0-0 17. c5 Qe7 18. b3 Qc7 19. Na4 Nd7 20. Be2 Qe5 21. Rd6 b5 22. Rxc6 bxa4 23. Rb1 axb3 24. axb3 a5 25. Bb5 Rab8 26. Ba4 Rb4 0-1